Reklama na českém trhu: analýza souvislosti mezi emocionálními apely a barvami

Odozvu spotrebiteľa na reklamu ovplyvňuje viacero faktorov. Medzi najvýznamnejšie patria farby a emocionálne apely. Využitie farieb a emocionálych apelov sa môže líšiť v závislosti od toho, do ktorého odvetvia či produktovej skupiny ponúkaný produkt/služba patrí. Analýza výskumnej vzorky reklamných...

Ausführliche Beschreibung

Gespeichert in:
Bibliographische Detailangaben
1. Verfasser: Kincl, Tomáš
Weitere Verfasser: Gunina, Daria, Šuldová, Sabina
Format: Buchkapitel
Sprache:Tschechisch
Schlagworte:
Tags: Tag hinzufügen
Keine Tags, Fügen Sie das erste Tag hinzu!

MARC

LEADER 00000naa a2200000 4500
001 0249826
005 20190109100753.2
041 0 |a cze 
044 |a CZ 
245 1 0 |a Reklama na českém trhu: analýza souvislosti mezi emocionálními apely a barvami  |c Tomáš Kincl, Daria Gunina, Sabina Šuldová 
520 |a Odozvu spotrebiteľa na reklamu ovplyvňuje viacero faktorov. Medzi najvýznamnejšie patria farby a emocionálne apely. Využitie farieb a emocionálych apelov sa môže líšiť v závislosti od toho, do ktorého odvetvia či produktovej skupiny ponúkaný produkt/služba patrí. Analýza výskumnej vzorky reklamných spotov vysielaných v Českej televízii v roku 2006. Výsledky naznačujú, že existujú štatisticky významné rozdiely vo využití emocionálnych apelov v reklamách na produkty patriacich do rôznych produktových skupín. Štatisticky významné sú aj rozdiely vo využití farieb na vyjadrenie rôznych emocionálnych apelov. 
610 2 0 |a reklama 
610 2 0 |a propagácia 
610 2 0 |a marketing 
610 2 0 |a komunikácia marketingová 
610 2 0 |a farby 
610 2 0 |a emócie 
610 2 0 |a spotrebitelia 
610 2 0 |a televízia 
610 2 0 |a Česko 
100 1 |a Kincl, Tomáš 
700 1 |a Gunina, Daria 
700 1 |a Šuldová, Sabina